Normal view
MARC view
Entry Topical Term
001 - CONTROL NUMBER
- control field: 38021
003 - CONTROL NUMBER IDENTIFIER
- control field: OSt
005 - DATE AND TIME OF LATEST TRANSACTION
- control field: 20230429144936.0
008 - FIXED-LENGTH DATA ELEMENTS
- fixed length control field: 230429|| aca||aabn | a|a d
040 ## - CATALOGING SOURCE
- Original cataloging agency: OSt
- Transcribing agency: OSt
150 ## - HEADING--TOPICAL TERM
- Topical term or geographic name entry element: Public-private partnership, Outsourcing, Relational governance, Uncertainty, Smart city
670 ## - SOURCE DATA FOUND
- Source citation: Work cat.: (OSt): Mu, R. Wu, P. and Haershanl, M. 38020, Pre-contractual relational governance for public–private partnerships: How can ex-ante relational governance help formal contracting in smart city outsourcing projects?
